The Rise of Asia : (Record no. 14838)
[ view plain ]
| 000 -LEADER | |
|---|---|
| fixed length control field | 01713pam a2200349 a 4500 |
| 001 - CONTROL NUMBER | |
| control field | 3073393 |
| 005 - DATE AND TIME OF LATEST TRANSACTION | |
| control field | 20050922190336.0 |
| 008 - FIXED-LENGTH DATA ELEMENTS--GENERAL INFORMATION | |
| fixed length control field | 971208s1998 nyu |rb 001 0 eng |
| 010 ## - LIBRARY OF CONGRESS CONTROL NUMBER | |
| LC control number | 97047687 |
| 020 ## - INTERNATIONAL STANDARD BOOK NUMBER | |
| International Standard Book Number | 0333658337 |
| 020 ## - INTERNATIONAL STANDARD BOOK NUMBER | |
| International Standard Book Number | 0333658329 |
| 040 ## - CATALOGING SOURCE | |
| Original cataloging agency | DLC |
| Transcribing agency | DLC |
| Modifying agency | DLC |
| 043 ## - GEOGRAPHIC AREA CODE | |
| Geographic area code | ae----- |
| -- | as----- |
| 050 00 - LIBRARY OF CONGRESS CALL NUMBER | |
| Classification number | HC460.5 |
| Item number | .T56 1998 |
| 082 00 - DEWEY DECIMAL CLASSIFICATION NUMBER | |
| Classification number | 330.95 |
| Item number | TIP |
| 100 1# - MAIN ENTRY--PERSONAL NAME | |
| Personal name | Tipton, Frank B., |
| Dates associated with a name | 1943- |
| 9 (RLIN) | 21203 |
| 245 14 - TITLE STATEMENT | |
| Title | The Rise of Asia : |
| Remainder of title | Economy, Society, and Politics in Contemporary Asia / |
| Statement of responsibility, etc | Frank B. Tipton. |
| 260 ## - PUBLICATION, DISTRIBUTION, ETC. (IMPRINT) | |
| Place of publication, distribution, etc | New York : |
| Name of publisher, distributor, etc | Palgrave Macmillan, 1998 |
| Date of publication, distribution, etc | c 1998. |
| 300 ## - PHYSICAL DESCRIPTION | |
| Extent | xiv, 527 p. ; |
| Dimensions | 22 cm. |
| 504 ## - BIBLIOGRAPHY, ETC. NOTE | |
| Bibliography, etc | Includes bibliographical references (p. 485-512) and index. |
| 651 #0 - SUBJECT ADDED ENTRY--GEOGRAPHIC NAME | |
| Geographic name | East Asia |
| General subdivision | Economic conditions. |
| 9 (RLIN) | 21204 |
| 651 #0 - SUBJECT ADDED ENTRY--GEOGRAPHIC NAME | |
| Geographic name | Southeast Asia |
| General subdivision | Economic conditions. |
| 9 (RLIN) | 21205 |
| 651 #0 - SUBJECT ADDED ENTRY--GEOGRAPHIC NAME | |
| Geographic name | East Asia |
| General subdivision | Social conditions. |
| 9 (RLIN) | 21206 |
| 651 #0 - SUBJECT ADDED ENTRY--GEOGRAPHIC NAME | |
| Geographic name | Southeast Asia |
| General subdivision | Social conditions. |
| 9 (RLIN) | 21207 |
| 651 #0 - SUBJECT ADDED ENTRY--GEOGRAPHIC NAME | |
| Geographic name | East Asia |
| General subdivision | Politics and government. |
| 9 (RLIN) | 21208 |
| 651 #0 - SUBJECT ADDED ENTRY--GEOGRAPHIC NAME | |
| Geographic name | Southeast Asia |
| General subdivision | Politics and government. |
| 9 (RLIN) | 21209 |
| 942 ## - ADDED ENTRY ELEMENTS (KOHA) | |
| Source of classification or shelving scheme | Dewey Decimal Classification |
| Item type | Book - Borrowing |
| Withdrawn status | Item status | Source of classification or shelving scheme | Damaged status | Not for loan | Vendor | Home library | Current library | Shelving location | Date acquired | Source of acquisition | Total Checkouts | Total Renewals | Full call number | Barcode | Date last seen | Date last borrowed | Koha item type |
|---|---|---|---|---|---|---|---|---|---|---|---|---|---|---|---|---|---|
| Dewey Decimal Classification | Baccah | Central Library | Central Library | First floor | 21/11/2010 | 4 | 23 | 330.95 TIP | 000022463 | 15/07/2025 | 08/11/2015 | Book - Borrowing | |||||
| Dewey Decimal Classification | Baccah | Central Library | Central Library | First floor | 21/11/2010 | 26 | 4 | 330.95 TIP | 000022464 | 15/07/2025 | 04/08/2016 | Book - Borrowing | |||||
| Dewey Decimal Classification | Baccah | Central Library | Central Library | First floor | 21/11/2010 | 8 | 19 | 330.95 TIP | 000022465 | 15/07/2025 | 10/02/2016 | Book - Borrowing |